000 00775nam a2200253Ia 4500
003 OSt
005 20220923220651.0
006 a|||||r|||| 00| 0
007 ta
008 220922b |||||||| |||| 00| 0 hin d
024 _a188,889
037 _cTextual
040 _aARTS
_cARTS
_bhin
041 _2hin
_ahin
082 _aO152,2M98,KU, J5
100 _aगोविन्ददास
245 0 _aकुलीनता
246 _aKulīnatā
260 _aबम्बई
_b हिन्दी ग्रन्थ रत्नाकर
_c1955
300 _a126 पृ.
_ccm.
650 _aहिन्दी साहित्य
_9156264
942 _hO152,2M98,KU, J5
_cTEXL
_2CC
999 _c341766
_d341766